000 00551nam a2200241Ia 4500
003 0100
008 130303s9999 xx 000 0 und d
020 _a1557785139
040 _cARRUPELIB
050 _aBJ1012.C87 1993
100 _aCurtler, Hugh Mercer
245 _aEthical argument
245 _bcritical thinking in ethics
250 _a1st ed.
260 _aNew york
260 _bParagon House
260 _C1993
300 _avi
300 _b 150p. 21cm.
650 _aETHICS
650 _bMoral development
942 0 0 _01
999 _c18996
_d18996